[Event "Vandoeuvre op"]
[Site "Vandoeuvre"]
[Date "2004.??.??"]
[Round "1"]
[White "Ketanis, Mehamend"]
[Black "Duda, Richard"]
[Result "0-1"]
[WhiteElo "1499"]
[BlackElo "1922"]
[PlyCount "56"]
[EventDate "2004.12.26"]
[EventType "swiss"]
[EventRounds "9"]
[EventCountry "FRA"]
[SourceTitle "CBM 104 Extra"]
[Source "ChessBase"]
[SourceDate "2005.03.01"]
[SourceVersion "1"]
[SourceVersionDate "2005.03.01"]
[SourceQuality "1"]

1. e4 d5 2. e5 Bf5 3. d4 e6 4. Nf3 c5 5. c4 cxd4 6. Qxd4 Bb4+ 7. Nc3 Nc6 8. Qd1 d4 9. a3 Qa5 10. Bf4 Bxc3+ 11. bxc3 dxc3 12. Qc1 Rd8 13. Be2 Nge7 14. Bg5 0-0 15. 0-0 Rd7 16. Rd1 Rfd8 17. Ra2 Kf8 18. Rd6 Rxd6 19. exd6 Rxd6 20. Bf4 Rd7 21. Be3 f6 22. Nh4 Bd3 23. Bxd3 Rxd3 24. Nf3 Qd8 25. Ra1 Qa5 26. Qc2 Qf5 27. Nh4 Qe4 28. f3 Qxe3+ 0-1